| 000 | 00739cam a2200241 a 4500 | ||
|---|---|---|---|
| 001 | 12526897 | ||
| 005 | 20180130033620.0 | ||
| 008 | 010906s2002 nyua b 001 0 eng | ||
| 010 | _a 2001053413 | ||
| 020 | _a0735524378 | ||
| 040 |
_aDLC _cDLC _dDLC |
||
| 041 | _aeng | ||
| 043 | _an-us--- | ||
| 080 | _a346.7304 | ||
| 082 | 0 | 0 |
_a346.7304 DUK _221 |
| 100 | 1 | _a14 | |
| 101 | _aSHJ | ||
| 245 | 1 | 0 |
_aProperty / _cJesse Dukeminier, James E. Krier. |
| 504 | _aIncludes bibliographical references and indexes. | ||
| 906 |
_a7 _bcbc _corignew _d1 _eocip _f20 _gy-gencatlg |
||
| 942 |
_2ddc _cBK |
||
| 999 |
_c41217 _d41217 |
||